000 00577nas a2200205 a 4500
001 000468290
003 AM-YeHGA
005 20250617133758.0
008 051212c19489999cy |rzp 0 0arm d
040 _aAM-YeHGA
041 0 _aarm
222 0 _aԱյգ
245 0 0 _aԱյգ :
_bՊարբերաթերթ Մելգոնեան կրթական հաստատութեան սան-սանուհիներու.
260 _aՆիկոսիա :
_bԱ.հ.,
_c1948-.
300 _aհամար :
_bնկ.
362 0 _a1948-
650 0 4 _aԱմսագիր
942 _2udc
_cCR
090 _c172363
999 _c170925
_d170925